Las matemáticas de l vida cotidiana : (Record no. 23601)

000 -CABECERA
fixed length control field 00994nam a22002417i 4500
003 - IDENTIFICADOR DEL NÚMERO DE CONTROL
control field AR-CdUCM
008 - DATOS DE LONGITUD FIJA--INFORMACIÓN GENERAL
fixed length control field 260407b20182018 pe|a||| |||| 00| 0 spa d
040 ## - FUENTE DE LA CATALOGACIÓN
Agencia/entidad que catalogó originalmente la obra MUNICIPALIDAD PROVINCIAL DEL CUSCO
Entidad que transcribió la catalogación BIBLIOTECA MUNICIPAL DEL CUSCO
082 ## - NÚMERO DE LA CLASIFICACIÓN DECIMAL DEWEY
No. de Clasificación 372.7
Notacion interna A36
100 ## - ENTRADA PRINCIPAL--NOMBRE DE PERSONA
Nombre Personal Albertí Palmer, Miguel
245 ## - MENCIÓN DE TÍTULO
Título Las matemáticas de l vida cotidiana :
Resto del título La realidad como recurso de aprendizaje y las matemáticas como medio de comunicación /
260 ## - PUBLICACIÓN, DISTRIBUCIÓN, ETC.
Lugar de publicación, distribución, etc. Madrid-España :
Nombre de la editorial, distribuidor, etc. Catarata-Miradas Matematicas
Fecha de publicación, distribución, etc. 2018
300 ## - DESCRIPCIÓN FÍSICA
Nº de Páginas Extensión 174 páginas. :
Dimensiones 22x14 cm.
500 ## - NOTA GENERAL
Bibliografía Páginas: 173-174
505 ## - NOTA DE CONTENIDO CON FORMATO
Nota de contenido formateada La vida cotidiana como recurso de aprendizaje académico -- Nada mas cotidiano que uno mismo -- De un sitio a otro -- Ve a tu alrededor -- Con sumo cuidado -- Vivir con incertidumbre
650 ## - PUNTO DE ACCESO ADICIONAL DE MATERIA--TÉRMINO DE MATERIA
Descriptor Aprendizaje
9 (RLIN) 2143
650 ## - PUNTO DE ACCESO ADICIONAL DE MATERIA--TÉRMINO DE MATERIA
Descriptor Uno mismo
9 (RLIN) 52554
650 ## - PUNTO DE ACCESO ADICIONAL DE MATERIA--TÉRMINO DE MATERIA
Descriptor Vida cotidiana
9 (RLIN) 1873
856 ## - LOCALIZACIÓN Y ACCESO ELECTRÓNICOS
Dirección electrónica www.catarata.org
942 ## - ELEMENTOS DE PUNTO DE ACCESO ADICIONAL (KOHA)
Fuente de clasificación
Tipo de item Libros-BMC
945 ## - PROCESAMIENTO DE INFORMACIÓN LOCAL (OCLC)
Catalogador pbjr
AAAA-MM-DD - Fecha de ingreso o modificacion 07-04-2026
Holdings
Estado de retiro (separado) Fuente de clasificación o esquema de estanterías Estado dañado Ubicación Sala donde se ubica Nombre de la colección Fecha de adquisición o compra Fuente de adquisición Costo, precio normal en soles Signatura topográfica Código de Barras Última vez visto (Koha) Tipo de ítem (Koha)
No     Administrador-biblioteca Administrador-biblioteca Book Cart 2026-04-07     372.7 / A36 / e.2 SH0000017071 2026-04-07 Libros-BMC
No     Sala Humanidades Sala Humanidades Book Cart 2026-04-07 Donación 20.00 372.7 / A36 SH0000017070 2026-04-07 Libros-BMC

Powered by Koha